000 00528nam a2200121Ia 4500
008 220620s9999||||xx |||||||||||||| ||und||
245 0 _aAlexander Kluge
_bRaw Materials for the Imagination
546 _aEnglish[eng]
650 _awetenschap algemeen||popular science
700 _aForrest, Tara
856 _uhttps://library.oapen.org/bitstream/20.500.12657/34559/1/408878.pdf||https://library.oapen.org/bitstream/20.500.12657/34559/1/408878.pdf||https://library.oapen.org/bitstream/20.500.12657/34559/1/408878.pdf
942 _cEB
999 _c27244
_d27244